Algorithm design (Record no. 576816)

000 -LEADER
fixed length control field 00337nam a22001457a 4500
020 ## - INTERNATIONAL STANDARD BOOK NUMBER
International Standard Book Number 9789332518643
082 ## - DEWEY DECIMAL CLASSIFICATION NUMBER
Classification number 005.1 KLE
100 ## - MAIN ENTRY--PERSONAL NAME
Personal name Kleinberg, Jon
9 (RLIN) 18061
245 ## - TITLE STATEMENT
Title Algorithm design
260 ## - PUBLICATION, DISTRIBUTION, ETC.
Place of publication, distribution, etc. India
Name of publisher, distributor, etc. Pearson
Date of publication, distribution, etc. 2018
300 ## - PHYSICAL DESCRIPTION
Extent 823 P
650 ## - SUBJECT ADDED ENTRY--TOPICAL TERM
Topical term or geographic name entry element Algorithm Design
9 (RLIN) 69599
700 ## - ADDED ENTRY--PERSONAL NAME
Personal name Tardos, Eva
9 (RLIN) 18062
942 ## - ADDED ENTRY ELEMENTS (KOHA)
Koha item type Book
Holdings
Withdrawn status Lost status Damaged status Not for loan Collection code Permanent Location Current Location Shelving location Date acquired Total Checkouts Full call number Barcode Date last seen Price effective from Koha item type
          College of Electrical & Mechanical Engineering (CEME) College of Electrical & Mechanical Engineering (CEME) General Stacks 10/08/2019   005.1 KLE CEME-49714 06/28/2021 06/28/2021 Book
          College of Electrical & Mechanical Engineering (CEME) College of Electrical & Mechanical Engineering (CEME) General Stacks 10/08/2019   005.1 KLE CEME-49711 06/28/2021 06/28/2021 Book
          College of Electrical & Mechanical Engineering (CEME) College of Electrical & Mechanical Engineering (CEME) General Stacks 10/08/2019   005.1 KLE CEME-49715 06/28/2021 06/28/2021 Book
          College of Electrical & Mechanical Engineering (CEME) College of Electrical & Mechanical Engineering (CEME) General Stacks 10/08/2019   005.1 KLE CEME-49712 06/28/2021 06/28/2021 Book
          College of Electrical & Mechanical Engineering (CEME) College of Electrical & Mechanical Engineering (CEME) General Stacks 10/08/2019   005.1 KLE CEME-49713 06/28/2021 06/28/2021 Book
© 2023 Central Library, National University of Sciences and Technology. All Rights Reserved.